| 000 | 01302nam a2200349 i 4500 | ||
|---|---|---|---|
| 003 | EG-GICUC | ||
| 005 | 20260226011819.0 | ||
| 008 | 260226s2001 ua ||||fr ||| 00| 0 ara d | ||
| 017 | _a2007/40521 | ||
| 020 | _a9775677521 | ||
| 040 |
_aEG-GICUC _cEG-GICUC _dEG-GICUC _erda _bara |
||
| 082 | 0 | 4 |
_221 _a341.65 _bم ا . ق |
| 092 | 0 | 4 | _221 |
| 099 | _aLaw1 11 341.65 م ا . ق 2007 | ||
| 100 | 0 |
_aماري هنكرتس _eمؤلف. |
|
| 245 | 1 | 2 |
_aالقانون الدولي الإنساني العرفي / _cماري هنكرتس . |
| 264 | 0 |
_aالقاهرة : _bاللجنة الدولية للصليب الأحمر , _c2007 . |
|
| 300 |
_a541 صفحة ؛ _c30 سم. |
||
| 336 |
_atext _2rda content |
||
| 337 |
_aComputer _2rda media |
||
| 338 |
_aOnline Resource _2rda carrier |
||
| 546 | _aالنص باللغة العربية | ||
| 650 | 0 | 4 | _aالقانون الدولي العام |
| 650 | 0 | 4 | _aمنظمة الصليب الأحمر |
| 700 |
_aلويز دوزوالد -بك _eمؤلف. |
||
| 700 |
_aكارولين الفرمان _eمؤلف مشارك. |
||
| 700 |
_aكنوت درومان _eمؤلف مشارك. |
||
| 700 |
_aبابتيست رول _eمؤلف مشارك. |
||
| 856 | _uhttps://fll.law.cu.edu.eg/fulltext/th/B11-07686.pdf | ||
| 905 | _a59 | ||
| 942 |
_2ddc _cBK _e21 _n0 |
||
| 999 |
_c64248 _d64248 |
||